[Event "TCh-FRA Top 12 2011"]
[Site "Mulhouse FRA"]
[Date "2011.06.05"]
[Round "11"]
[White "Collas, Silvia"]
[Black "Richard, Emma"]
[Result "1-0"]
[WhiteTitle "IM"]
[WhiteElo "2315"]
[BlackElo "2073"]
[WhiteTeam "Club d'Echecs Metz Fischer"]
[BlackTeam "Mulhouse Philidor"]
[WhiteFideId "2902265"]
[BlackFideId "657590"]
[EventDate "2011.05.26"]

1. Nf3 Nf6 2. c4 g6 3. Nc3 Bg7 4. g3 O-O 5. Bg2 d6 6. O-O e5 7. d3 Nc6 8. Rb1 a5
9. a3 Nh5 10. Ne1 f5 11. f4 exf4 12. gxf4 Re8 13. e3 h6 14. Bd2 Nf6 15. Nd5 g5
16. Nc2 g4 17. Bc3 h5 18. Qe1 Nxd5 19. cxd5 Nb8 20. Bxa5 Nd7 21. h3 Nf8 22. Bc3 1-0

[Event "TCh-FRA Top 12 2011"]
[Site "Mulhouse FRA"]
[Date "2011.06.05"]
[Round "11"]
[White "Bauer, Christian"]
[Black "Kovchan, Alexander"]
[Result "1/2-1/2"]
[WhiteTitle "GM"]
[BlackTitle "GM"]
[WhiteElo "2638"]
[BlackElo "2558"]
[WhiteTeam "Vandoeuvre-Echecs"]
[BlackTeam "A.J.E. Noyon"]
[WhiteFideId "603767"]
[BlackFideId "14103052"]
[EventDate "2011.05.26"]

1. c4 e5 2. g3 c5 3. Nc3 Nc6 4. Bg2 g6 5. a3 a5 6. e3 Bg7 7. Nge2 Nge7 8. h4 h5
9. d3 d6 10. Bd2 Bg4 11. Qc2 O-O 12. O-O Rb8 13. Rab1 b6 14. Rfe1 Qd7 15. Kh2 f6
16. Nd5 g5 17. Nxe7+ Nxe7 18. f3 Be6 19. hxg5 fxg5 20. b4 h4 21. Rf1 g4 22. bxc5
gxf3 23. Bxf3 dxc5 24. e4 Bg4 25. Bxg4 Qxg4 26. Be3 Ng6 27. Qd2 hxg3+ 28. Nxg3
Nh4 29. Qe2 Nf3+ 30. Kg2 Nh4+ 31. Kh2 Nf3+ 32. Kg2 Nh4+ 33. Kh2 Nf3+ 1/2-1/2

[Event "TCh-FRA Top 12 2011"]
[Site "Mulhouse FRA"]
[Date "2011.06.05"]
[Round "11"]
[White "Housieaux, David"]
[Black "Philippe, Christophe"]
[Result "1-0"]
[WhiteTitle "IM"]
[BlackTitle "IM"]
[WhiteElo "2436"]
[BlackElo "2422"]
[WhiteTeam "A.J.E. Noyon"]
[BlackTeam "Vandoeuvre-Echecs"]
[WhiteFideId "617938"]
[BlackFideId "610038"]
[EventDate "2011.05.26"]

1. d4 d5 2. Nf3 Nc6 3. c4 Bg4 4. Nc3 e6 5. e3 Bb4 6. Bd2 Nf6 7. Rc1 O-O 8. h3
Bh5 9. Be2 Ne4 10. a3 Bxc3 11. Bxc3 f5 12. O-O Rf6 13. Ne1 Bxe2 14. Qxe2 Rh6 15.
Nd3 dxc4 16. Nc5 Nxc5 17. dxc5 Qd3 18. Qf3 Qd5 19. Rfd1 e5 1-0

[Event "TCh-FRA Top 12 2011"]
[Site "Mulhouse FRA"]
[Date "2011.06.05"]
[Round "11"]
[White "Steil-Antoni, Fiona"]
[Black "Assad, Karine"]
[Result "1/2-1/2"]
[WhiteTitle "WIM"]
[BlackTitle "WFM"]
[WhiteElo "2093"]
[BlackElo "2022"]
[WhiteTeam "Vandoeuvre-Echecs"]
[BlackTeam "A.J.E. Noyon"]
[WhiteFideId "4001249"]
[BlackFideId "623067"]
[EventDate "2011.05.26"]

1. e4 e6 2. d4 d5 3. Nc3 Bb4 4. exd5 exd5 5. Bd3 Nc6 6. a3 Bxc3+ 7. bxc3 Nge7 8.
Qf3 Be6 9. Ne2 Qd7 10. O-O O-O-O 11. h3 Bf5 12. Ng3 Bxd3 13. cxd3 Rdf8 14. a4 f5
15. Re1 h6 16. Ba3 Rf7 17. Re2 g6 18. Rae1 Rhh7 19. Nf1 f4 20. Re6 b6 21. Nh2
Nf5 22. Rxg6 Kb7 23. Qh5 Nce7 24. Bxe7 Rxe7 25. Rxe7 Nxe7 26. Rxh6 Rxh6 27. Qxh6
Qxa4 28. Qxf4 Qa1+ 29. Nf1 Qxc3 30. Qe5 Nc6 31. Qxd5 a5 32. h4 a4 33. h5 a3 34.
h6 Qxd4 35. Qg8 Ne7 36. h7 Nxg8 37. hxg8=Q Qb2 38. Qd5+ Ka7 39. Qc6 Kb8 40. Ne3
a2 41. Nc2 a1=Q+ 42. Nxa1 Qxa1+ 43. Kh2 Qd4 44. Qe8+ Kb7 45. Qe4+ Qxe4 46. dxe4
b5 47. g4 b4 48. g5 b3 49. g6 b2 50. g7 b1=Q 51. g8=Q Qxe4 52. Qb3+ 1/2-1/2

[Event "TCh-FRA Top 12 2011"]
[Site "Mulhouse FRA"]
[Date "2011.06.05"]
[Round "11"]
[White "Shoker, Samy"]
[Black "Bailet, Pierre"]
[Result "0-1"]
[WhiteTitle "IM"]
[BlackTitle "FM"]
[WhiteElo "2466"]
[BlackElo "2429"]
[WhiteTeam "Lutece Echecs"]
[BlackTeam "Echiquier Guingampais"]
[WhiteFideId "627143"]
[BlackFideId "655830"]
[EventDate "2011.05.26"]

1. g3 Nf6 2. Bg2 g6 3. Nf3 Bg7 4. O-O O-O 5. d3 d5 6. Nc3 d4 7. Na4 Nfd7 8. c4
Nc6 9. Rb1 a5 10. a3 e5 11. b4 axb4 12. axb4 Ne7 13. Qb3 c6 14. Ng5 Nf6 15. e3
h6 16. Nf3 b5 17. cxb5 cxb5 18. Nc5 Nfd5 19. Bb2 dxe3 20. Nxe5 Qd6 21. d4 Bf5
22. Rbe1 exf2+ 23. Rxf2 Ra7 24. g4 Bc8 25. Ref1 f5 26. Nxg6 Qxg6 27. Bxd5+ Nxd5
28. Qxd5+ Kh7 29. Qg2 Ra2 30. gxf5 Rxf5 31. Qxg6+ Kxg6 32. Nb3 Rg5+ 0-1

[Event "TCh-FRA Top 12 2011"]
[Site "Mulhouse FRA"]
[Date "2011.06.05"]
[Round "11"]
[White "Dumitrache, Dragos-Nicolae"]
[Black "Babault, Patrice"]
[Result "1-0"]
[WhiteTitle "IM"]
[BlackTitle "FM"]
[WhiteElo "2445"]
[BlackElo "2400"]
[WhiteTeam "Echiquier Guingampais"]
[BlackTeam "Lutece Echecs"]
[WhiteFideId "1200437"]
[BlackFideId "623822"]
[EventDate "2011.05.26"]

1. d4 d5 2. c4 c6 3. Nf3 Nf6 4. e3 e6 5. Bd3 Nbd7 6. O-O Bd6 7. Nc3 O-O 8. e4
dxc4 9. Bxc4 e5 10. Bg5 h6 11. Bh4 Qc7 12. Bg3 exd4 13. Bxd6 Qxd6 14. Qxd4 Qxd4
15. Nxd4 Ne5 16. Bb3 Nd3 17. Rfd1 Nxb2 18. Rd2 Rd8 19. e5 Ng4 20. Re1 h5 21. h3
Nh6 22. Ree2 c5 23. Ndb5 Nd3 24. Nd5 Bf5 25. Nd6 Nc1 26. Ne7+ Kf8 27. Nexf5
Nxe2+ 28. Rxe2 Nxf5 29. Nxf5 b5 30. Nd6 c4 31. Bc2 Rab8 32. f4 a5 33. Kf2 b4 34.
Nxc4 Rd4 35. Nxa5 Rxf4+ 36. Ke3 g5 37. g3 Rf1 38. Be4 Rg1 39. Kf2 Rc1 40. Nc6
Rb5 41. Bc2 Rh1 42. Kg2 Rc1 43. Nd4 Rd5 44. e6 fxe6 45. Nxe6+ Kf7 46. Bb3 Ra5
47. Nxg5+ Kg6 48. h4 Ra7 49. Ne6 Kh6 50. Nf4 1-0

[Event "TCh-FRA Top 12 2011"]
[Site "Mulhouse FRA"]
[Date "2011.06.05"]
[Round "11"]
[White "Pira, Davoud"]
[Black "Le Roux, Jean-Pierre"]
[Result "0-1"]
[WhiteTitle "IM"]
[BlackTitle "GM"]
[WhiteElo "2403"]
[BlackElo "2523"]
[WhiteTeam "Lutece Echecs"]
[BlackTeam "Echiquier Guingampais"]
[WhiteFideId "600407"]
[BlackFideId "609404"]
[EventDate "2011.05.26"]

1. d4 Nf6 2. Nf3 g6 3. g3 Bg7 4. Bg2 O-O 5. O-O d5 6. c4 dxc4 7. Na3 c3 8. bxc3
c5 9. Ne5 Nfd7 10. Nac4 Nxe5 11. Nxe5 Nd7 12. Nxd7 Qxd7 13. dxc5 Qc7 14. Be3
Bxc3 15. Rb1 Rb8 16. Qb3 Be5 17. Qa3 Bf5 18. Rbc1 a5 19. f4 Bg7 20. Bf2 e5 21.
e4 Bd7 22. f5 gxf5 23. exf5 Bxf5 24. Be1 Be6 25. Bxa5 Qd7 26. Rfd1 Qb5 27. Qb4
Qe2 28. Re1 Qh5 29. Bc7 Ra8 30. a4 Bd7 31. Bd6 Rfe8 32. Qxb7 Bxa4 33. Bd5 Rad8
34. Rf1 Rd7 35. Qb4 Ra7 36. Ra1 e4 37. Rxa4 Qxd5 38. Rxa7 Bd4+ 39. Kg2 e3+ 40.
Rf3 e2 41. Re7 Rxe7 42. Bxe7 Qe5 43. Bd6 e1=Q 44. Bxe5 Qxb4 45. Bxd4 Qxd4 46.
Rf4 Qxc5 47. Rg4+ Kf8 48. Rf4 Ke7 49. Rf2 Qd5+ 50. Kg1 f5 51. Rf4 Kf6 52. Rh4
Ke5 53. Rf4 Qd2 54. Rh4 h6 55. Kf1 f4 56. Kg1 Ke4 57. Kf1 Ke3 0-1

[Event "TCh-FRA Top 12 2011"]
[Site "Mulhouse FRA"]
[Date "2011.06.05"]
[Round "11"]
[White "Lamorelle, Yves"]
[Black "Le Diouron, Aurelie"]
[Result "1-0"]
[WhiteTitle "FM"]
[WhiteElo "2209"]
[BlackElo "1981"]
[WhiteTeam "Lutece Echecs"]
[BlackTeam "Echiquier Guingampais"]
[WhiteFideId "601810"]
[BlackFideId "637432"]
[EventDate "2011.05.26"]

1. e4 c5 2. Nf3 a6 3. c3 e6 4. d4 d5 5. e5 Bd7 6. Be3 cxd4 7. cxd4 Qb6 8. Qd2
Bb5 9. Bxb5+ axb5 10. Nc3 b4 11. Ne2 Ne7 12. O-O Nf5 13. Ng3 Nxe3 14. fxe3 Be7
15. Nh5 O-O 16. Qf2 f6 17. Qg3 Rf7 18. exf6 Bxf6 19. Ng5 Bxg5 20. Qxg5 Rxf1+ 21.
Rxf1 Qc7 22. Nf6+ Kh8 23. Ne8 1-0

[Event "TCh-FRA Top 12 2011"]
[Site "Mulhouse FRA"]
[Date "2011.06.05"]
[Round "11"]
[White "Maze, Sebastien"]
[Black "Gozzoli, Yannick"]
[Result "1/2-1/2"]
[WhiteTitle "GM"]
[BlackTitle "IM"]
[WhiteElo "2571"]
[BlackElo "2530"]
[WhiteTeam "Clichy-Echecs-92"]
[BlackTeam "Marseille Echecs"]
[WhiteFideId "613762"]
[BlackFideId "616915"]
[EventDate "2011.05.26"]

1. e4 e5 2. Nf3 Nc6 3. d4 exd4 4. Nxd4 Bb4+ 5. c3 Bc5 6. Nxc6 bxc6 7. Bd3 Qh4 8.
Qf3 Nf6 9. Bf4 d5 10. Nd2 Bg4 11. Qg3 Qxg3 12. hxg3 Bb6 13. f3 Be6 14. O-O-O
O-O-O 15. Kc2 h6 16. g4 dxe4 17. Nxe4 Nd5 18. Bc1 Kb7 19. Rhe1 c5 20. a3 Ne7 21.
Nd2 Nc8 22. b3 Nd6 23. c4 h5 24. gxh5 Rxh5 25. Ne4 Nxe4 26. Bxe4+ c6 27. Bb2
Rxd1 28. Rxd1 Bc7 29. g4 Rh2+ 30. Rd2 Rxd2+ 31. Kxd2 Bf4+ 32. Ke2 g6 33. Bf6 Kc7
34. Be7 Bd6 35. Bg5 Be5 36. Be7 Bd6 37. Bf6 Bf4 38. Bg7 Kd7 39. Bf8 Bd6 40. Bh6
Be5 41. Bf8 Bd6 42. Bg7 Bf4 43. Kd1 Kc7 44. Kc2 Kd7 45. Bc3 Kc7 46. Be1 Kd7 47.
Bf2 Bd6 48. Be3 Kc7 49. Kd2 Kd7 50. Ke2 a6 51. Kf2 Kc7 52. Kg2 Kd7 53. Bf2 Be7
54. Kh3 Bd6 55. Be3 Be7 56. Bd3 Ke8 57. Kg3 Kd7 58. Bd2 Bd8 59. Kf4 Bf6 60. Be3
Be7 61. Bf2 Kc7 62. Be1 Bf6 63. Bf2 Be7 64. Kg3 Kd7 65. Bc2 Kc7 66. Be1 Kd7 67.
f4 f5 68. Bc3 Ke8 69. Bd3 Kf7 70. g5 Ke8 71. Kf2 Kd7 72. Ke3 Kc7 73. Ba5+ Kd7
74. Bb6 Bf7 75. Be2 Be6 76. Bf3 Bf7 77. Kd3 Bd6 78. Ke3 Be7 79. Ba5 Be6 80. Kd3
Bd6 81. Bd2 Kc7 82. Be3 a5 83. Kc3 Bf7 84. Bd1 Be6 85. Kd3 Kb7 86. Bd2 Kb6 87.
Ke3 Bf7 88. Bc3 Be6 89. Be5 Bf8 90. Kd3 Bf7 91. Bf6 Kc7 92. Bc3 Kb6 93. Bd2 Bd6
94. Be3 Kc7 95. Kc2 Be7 96. Kb2 Be6 97. Bc2 Bf7 98. Bd3 Be6 99. Bb1 Kb7 100. Bd2
Ka6 101. Bc3 Bf7 102. Kc1 Be6 103. Kd2 Kb6 104. Ke3 Bd6 105. Ba2 Bd7 106. Kf3
Be8 1/2-1/2

[Event "TCh-FRA Top 12 2011"]
[Site "Mulhouse FRA"]
[Date "2011.06.05"]
[Round "11"]
[White "Istratescu, Andrei"]
[Black "Pelletier, Yannick"]
[Result "1-0"]
[WhiteTitle "GM"]
[BlackTitle "GM"]
[WhiteElo "2623"]
[BlackElo "2587"]
[WhiteTeam "Marseille Echecs"]
[BlackTeam "Clichy-Echecs-92"]
[WhiteFideId "1200372"]
[BlackFideId "1301837"]
[EventDate "2011.05.26"]

1. e4 e6 2. d4 d5 3. Nc3 dxe4 4. Nxe4 Nd7 5. Nf3 Ngf6 6. Nxf6+ Nxf6 7. c3 c5 8.
Be3 Qc7 9. Bd3 Bd6 10. O-O O-O 11. Qe2 b6 12. Bg5 Bb7 13. Bxf6 gxf6 14. Be4 Rfd8
15. Rad1 Bf8 16. Rd3 Bxe4 17. Qxe4 f5 18. Qh4 Qe7 19. Qg3+ Bg7 20. Rfd1 cxd4 21.
Nxd4 Qe8 22. Qh4 Kh8 23. Nb5 Rxd3 24. Rxd3 Be5 25. a4 f6 26. f4 Rd8 27. Re3 Rd1+
28. Kf2 Rd2+ 29. Ke1 Bxf4 30. Qxf6+ Kg8 31. Kxd2 Qc6 32. Nd4 Qxg2+ 33. Kd3 Qf1+
34. Kc2 1-0

[Event "TCh-FRA Top 12 2011"]
[Site "Mulhouse FRA"]
[Date "2011.06.05"]
[Round "11"]
[White "Hamdouchi, Hicham"]
[Black "Collas, Didier"]
[Result "0-1"]
[WhiteTitle "GM"]
[BlackTitle "IM"]
[WhiteElo "2593"]
[BlackElo "2381"]
[WhiteTeam "Clichy-Echecs-92"]
[BlackTeam "Marseille Echecs"]
[WhiteFideId "9000011"]
[BlackFideId "602680"]
[EventDate "2011.05.26"]

1. e4 e5 2. Nf3 Nc6 3. d4 exd4 4. Nxd4 Nxd4 5. Qxd4 Ne7 6. Bg5 Nc6 7. Qd2 Bb4 8.
Nc3 Bxc3 9. bxc3 f6 10. Bh4 Qe7 11. Bd3 d6 12. f4 Qf7 13. O-O O-O 14. Rae1 f5
15. Re3 Be6 16. Qe2 fxe4 17. Rxe4 Bd5 18. Ra4 a6 19. f5 Rae8 20. Qd1 Ne5 21.
Raf4 h6 22. Be2 Bxa2 23. c4 b5 24. Bh5 Qd7 25. Bxe8 Qxe8 26. cxb5 axb5 27. Bg3
Bc4 28. Re1 Qf7 29. Rf2 Nd7 30. Bh4 Ne5 31. f6 g5 32. Bg3 Ng6 33. Qf3 Qd5 34.
Qg4 Kh7 35. h3 Rf7 36. Kh2 Qc6 37. h4 gxh4 38. Bxh4 Qa8 39. Rf3 Ne5 40. Qf5+ Kh8
41. Rg3 Qf8 42. Ree3 Qe8 43. Kg1 Qe6 44. Qf4 Rh7 45. Qd4 Rf7 46. Qa7 Qc8 47. Qa1
Kh7 48. Qd4 Qf5 49. Re4 c5 50. Qe3 Bd5 51. Rf4 Qxc2 52. Kh2 b4 53. Bg5 hxg5 54.
Rxg5 Kh8 55. Kg1 Qd1+ 56. Kf2 Qc2+ 57. Kg1 Qd1+ 58. Kh2 Rh7+ 59. Kg3 Qc2 60. Rf2
Qe4 61. Qxe4 Bxe4 62. Rd2 Nf7 63. Rg4 d5 64. Ra2 Nd8 65. Ra8 Rd7 66. f7 Rxf7 67.
Rxd8+ Kh7 68. Rc8 b3 69. Rh4+ Kg7 70. Rg4+ Kf6 71. Rf4+ Ke6 72. Rxe4+ dxe4 73.
Rxc5 Rb7 74. Rc1 b2 75. Rb1 Ke5 76. Kf2 Kd4 77. Ke2 Kc3 78. Ke3 Rg7 79. Rg1 Rxg2
80. Rxg2 b1=Q 0-1

[Event "TCh-FRA Top 12 2011"]
[Site "Mulhouse FRA"]
[Date "2011.06.05"]
[Round "11"]
[White "Delorme, Laurie"]
[Black "Skripchenko, Almira"]
[Result "0-1"]
[WhiteTitle "WIM"]
[BlackTitle "IM"]
[WhiteElo "2204"]
[BlackElo "2462"]
[WhiteTeam "Marseille Echecs"]
[BlackTeam "Clichy-Echecs-92"]
[WhiteFideId "630829"]
[BlackFideId "13900145"]
[EventDate "2011.05.26"]

1. d4 e6 2. c4 f5 3. Nf3 Nf6 4. g3 Be7 5. Bg2 O-O 6. O-O d6 7. b3 a5 8. Bb2 Qe8
9. Qc2 Nc6 10. a3 Bd8 11. Nbd2 e5 12. dxe5 dxe5 13. e4 f4 14. Qc3 Nh5 15. b4 Bf6
16. b5 Nd8 17. a4 g5 18. Ne1 g4 19. Nd3 f3 20. Bh1 Ng7 21. c5 Nf7 22. Rfe1 Be6
23. h3 h5 24. Nf4 Ng5 25. Nxe6 Nxh3+ 26. Kh2 Qxe6 27. Rf1 Ng5 28. Rfe1 Rfe8 29.
Nxf3 gxf3 30. Bxf3 Nxf3+ 31. Qxf3 Rad8 32. Rh1 Rf8 33. Qe3 Qc4 34. Ra3 Qc2 35.
Rb3 Be7 36. Bxe5 Qxf2+ 37. Kh3 Qxe3 38. Rxe3 Bxc5 39. Rc3 Bd6 40. Bxd6 cxd6 41.
Rc7 Rf7 42. Rhc1 Re8 43. Rc8 Re7 44. R1c7 Rxc7 45. Rxc7 Rxe4 46. Rxb7 Rxa4 47.
Ra7 Rb4 48. Rxa5 Kf7 49. Ra7+ Kf6 50. Rb7 Nf5 51. b6 Rb3 52. Rb8 Rxg3+ 53. Kh2
Rg7 54. Rf8+ Kg5 55. Rb8 d5 56. b7 d4 57. Kh3 Kf4 58. Kh2 h4 0-1

[Event "TCh-FRA Top 12 2011"]
[Site "Mulhouse FRA"]
[Date "2011.06.05"]
[Round "11"]
[White "Rozentalis, Eduardas"]
[Black "Williams, Simon K"]
[Result "1-0"]
[WhiteTitle "GM"]
[BlackTitle "GM"]
[WhiteElo "2573"]
[BlackElo "2520"]
[WhiteTeam "C.E. Strasbourg"]
[BlackTeam "C.E. de Rueil Malmaison"]
[WhiteFideId "12800023"]
[BlackFideId "404454"]
[EventDate "2011.05.26"]

1. e4 c5 2. c3 d5 3. exd5 Qxd5 4. d4 Nc6 5. dxc5 Qxd1+ 6. Kxd1 e5 7. Be3 Nf6 8.
Nd2 Nd5 9. Nb3 Nxe3+ 10. fxe3 a5 11. a4 Be6 12. Kc2 O-O-O 13. Re1 Bxb3+ 14. Kxb3
Bxc5 15. Nf3 f6 16. e4 g5 17. Bc4 h5 18. Kc2 Ne7 19. Rhf1 h4 20. Nd2 Ng6 21. g3
Rd6 22. Re2 hxg3 23. hxg3 Rh3 24. Rg2 Be3 25. Nb3 Bb6 26. Be2 Rh8 27. Nd2 Kd8
28. Nc4 Rc6 29. Rd1+ Ke7 30. Rd5 Bd8 31. Ne3 Rc7 32. Nf5+ Kf7 33. Bc4 1-0

[Event "TCh-FRA Top 12 2011"]
[Site "Mulhouse FRA"]
[Date "2011.06.05"]
[Round "11"]
[White "Renet, Olivier"]
[Black "Sanikidze, Tornike"]
[Result "1/2-1/2"]
[WhiteTitle "GM"]
[BlackTitle "GM"]
[WhiteElo "2497"]
[BlackElo "2524"]
[WhiteTeam "C.E. de Rueil Malmaison"]
[BlackTeam "C.E. Strasbourg"]
[WhiteFideId "600040"]
[BlackFideId "13602608"]
[EventDate "2011.05.26"]

1. Nf3 Nf6 2. c4 e6 3. d4 d5 4. Nc3 Bb4 5. cxd5 exd5 6. Bg5 h6 7. Bh4 g5 8. Bg3
Ne4 9. Nd2 Nxg3 10. hxg3 c6 11. a3 Bf8 12. Qc2 Bg7 13. e3 Be6 14. f4 Bg4 15. Nf3
Nd7 16. O-O-O Qe7 17. e4 dxe4 18. Qxe4 Qxe4 19. Nxe4 gxf4 20. gxf4 O-O 21. Nd6
b5 22. Re1 Nf6 23. Ne5 Rad8 24. Nxg4 Rxd6 25. Nxh6+ Bxh6 26. Rxh6 Kg7 27. Rh3
Rfd8 28. Rc3 Nd5 29. Rf3 Kf8 30. g3 Ne7 31. Bd3 Nd5 32. Bf1 Nf6 33. Re5 Rxd4 34.
Rg5 Ke7 35. Re5+ 1/2-1/2

[Event "TCh-FRA Top 12 2011"]
[Site "Mulhouse FRA"]
[Date "2011.06.05"]
[Round "11"]
[White "Vaisser, Anatoly"]
[Black "Bratanov, Zsivko"]
[Result "1/2-1/2"]
[WhiteTitle "GM"]
[BlackTitle "IM"]
[WhiteElo "2533"]
[BlackElo "2465"]
[WhiteTeam "C.E. Strasbourg"]
[BlackTeam "C.E. de Rueil Malmaison"]
[WhiteFideId "603252"]
[BlackFideId "2904268"]
[EventDate "2011.05.26"]

1. d4 Nf6 2. c4 e6 3. Nc3 Bb4 4. e3 O-O 5. Bd3 c5 6. Nf3 b6 7. O-O Bb7 8. Na4
cxd4 9. exd4 Re8 10. Bg5 h6 11. Bh4 Be7 12. Nc3 d6 13. Re1 Nbd7 14. Qe2 Nh5 15.
Bxe7 Qxe7 16. Be4 Bxe4 17. Qxe4 Nhf6 18. Qc6 Rec8 19. Qa4 Qf8 20. Nd2 a6 21.
Rac1 Rc7 22. h3 Qb8 23. Qb4 Rc8 24. Nde4 Ne8 25. b3 Ra7 26. f4 d5 27. cxd5 Qxf4
28. dxe6 fxe6 29. Rf1 Qh4 30. d5 a5 31. Qd4 e5 32. Qd2 Ndf6 33. Rce1 Nxe4 34.
Rxe4 Qe7 35. Qe3 Qc5 36. Rxe5 Nf6 37. Rf3 Rd7 38. Kh1 Qxe3 39. Rfxe3 Kf7 40. Kh2
Rc5 41. Na4 Rb5 42. Rf3 Rd6 43. Nc3 Rc5 44. a4 Kg6 45. Rd3 Kf7 46. g4 Rd8 47.
Kg3 Re8 48. Kf4 Rd8 49. d6 Rc6 50. Nb5 Rd7 51. Rde3 Kg6 52. h4 Rf7 53. Kg3 Rc1
54. h5+ Kh7 55. Re1 Rc2 56. R5e2 Rc5 57. Re5 Rc2 58. Re7 Rf8 59. Rd1 Rd8 60. Rc7
Re2 61. Rd4 Rde8 62. d7 Rd8 63. Rb7 Re7 64. Rxb6 Rexd7 65. Rxd7 Rxd7 66. Kh4 Rd3
67. Nc7 Ne4 68. g5 Nxg5 69. Rb5 Ne4 70. Ne6 Nf2 71. Nf4 Rf3 72. Rf5 Kg8 73. b4
axb4 74. a5 b3 75. a6 b2 76. a7 Ra3 77. Rb5 Rxa7 78. Rxb2 Ne4 79. Re2 Nf6 80.
Re5 Kf7 81. Rb5 Rd7 82. Ra5 Rb7 83. Kg3 Rb3+ 84. Kg2 Rb4 85. Kf3 Rb1 86. Kg2 Rb3
87. Ra7+ Kg8 88. Ra8+ Kh7 89. Ra5 Ng8 1/2-1/2

[Event "TCh-FRA Top 12 2011"]
[Site "Mulhouse FRA"]
[Date "2011.06.05"]
[Round "11"]
[White "Dubessay, Bastien"]
[Black "Kallai, Gabor"]
[Result "0-1"]
[WhiteTitle "FM"]
[BlackTitle "GM"]
[WhiteElo "2325"]
[BlackElo "2460"]
[WhiteTeam "C.E. de Rueil Malmaison"]
[BlackTeam "C.E. Strasbourg"]
[WhiteFideId "650048"]
[BlackFideId "700282"]
[EventDate "2011.05.26"]

1. d4 d5 2. c4 dxc4 3. Nf3 Nf6 4. e3 Bg4 5. Bxc4 e6 6. O-O a6 7. Nc3 Nc6 8. Be2
Bd6 9. b3 O-O 10. Bb2 Qe7 11. h3 Bf5 12. Nd2 e5 13. d5 Nb8 14. e4 Bg6 15. Bf3
Nbd7 16. Re1 Bc5 17. Nc4 Rfe8 18. Rc1 Rac8 19. a3 Bd4 20. Nb1 Bxb2 21. Nxb2 c6
22. dxc6 Rxc6 23. Rxc6 bxc6 24. Qe2 a5 25. Nc4 Ra8 26. Nbd2 Nc5 27. Qe3 a4 28.
b4 Ncd7 29. Qc3 Qe6 30. Rc1 h5 31. Na5 Nb8 32. Nxc6 Nxc6 33. Qxc6 Qxc6 34. Rxc6
Rd8 35. Nc4 Bxe4 36. Bxe4 Nxe4 37. f3 Rd1+ 38. Kh2 Nc3 39. h4 f6 40. Nb6 Nb5 41.
Nxa4 Nxa3 42. Rc3 Nb5 43. Rc8+ Kh7 44. Rb8 Nd6 45. Nc5 Rd4 46. Kh3 Rc4 47. Rb6
Nf5 48. Ne4 Rc1 49. Ng3 Ne3 50. Rb7 Kg6 51. Ne4 Rc2 52. Nc5 Nxg2 53. Ne6 Nf4+
54. Nxf4+ exf4 55. Rd7 Kh6 56. b5 Rb2 57. Rd5 Rb4 58. Rc5 Rb3 59. Kg2 Rb2+ 60.
Kh3 g5 61. Rc6 Kg6 62. hxg5 Kxg5 63. Rc5+ Kg6 64. Rd5 Rb3 65. Kh4 Rb1 66. Kh3
Rb2 67. Rc5 f5 68. Rd5 Kg5 69. Rc5 Re2 70. Rc1 Rb2 71. Rc5 Kf6 72. Rc6+ Ke5 73.
Rc5+ 0-1

[Event "TCh-FRA Top 12 2011"]
[Site "Mulhouse FRA"]
[Date "2011.06.05"]
[Round "11"]
[White "Roos, Daniel"]
[Black "Battaglini, Gabriel"]
[Result "0-1"]
[WhiteTitle "IM"]
[BlackTitle "IM"]
[WhiteElo "2389"]
[BlackElo "2412"]
[WhiteTeam "C.E. Strasbourg"]
[BlackTeam "C.E. de Rueil Malmaison"]
[WhiteFideId "600253"]
[BlackFideId "621650"]
[EventDate "2011.05.26"]

1. g3 e5 2. Bg2 Nf6 3. d3 d5 4. Nf3 Nc6 5. c3 Bd6 6. Qc2 O-O 7. e4 dxe4 8. dxe4
Be6 9. Nbd2 Qd7 10. Ng5 Bg4 11. h3 Bh5 12. Ngf3 a5 13. a4 Bc5 14. Nb3 Bb6 15.
Bg5 Qe6 16. g4 Bg6 17. Nbd2 h5 18. gxh5 Nxh5 19. Bf1 Nf4 20. Nh4 Bh5 21. Bc4 Qe8
22. Nf5 Kh8 23. Ng3 f6 24. Bxf4 exf4 25. Nxh5 Qxh5 26. Be2 Qg6 27. Bg4 Ne5 28.
Nf3 Rad8 29. Nxe5 fxe5 30. Rd1 f3 31. Rxd8 Rxd8 32. Bxf3 Rf8 33. Ke2 Qf7 34. Qd3
Qb3 35. Rd1 Qxb2+ 36. Qd2 Qb3 37. Qg5 Qxc3 38. Rd3 Qc2+ 39. Rd2 Qc4+ 40. Rd3 Bd4
41. Qd2 Qxa4 42. Kf1 c5 43. Kg2 Qc6 44. Qxa5 c4 45. Ra3 c3 46. Ra2 c2 0-1

[Event "TCh-FRA Top 12 2011"]
[Site "Mulhouse FRA"]
[Date "2011.06.05"]
[Round "11"]
[White "Roos, Louis"]
[Black "Manoeuvre, Antoine"]
[Result "0-1"]
[WhiteTitle "IM"]
[WhiteElo "2359"]
[BlackElo "2215"]
[WhiteTeam "C.E. Strasbourg"]
[BlackTeam "C.E. de Rueil Malmaison"]
[WhiteFideId "600288"]
[BlackFideId "655422"]
[EventDate "2011.05.26"]

1. d4 Nf6 2. Nf3 g6 3. Nbd2 d5 4. e3 Bg7 5. c4 c6 6. Be2 O-O 7. O-O Nbd7 8. b3
b6 9. a4 a5 10. Ba3 Re8 11. Rc1 Bb7 12. cxd5 Nxd5 13. e4 Nb4 14. Nc4 c5 15. d5
Ba6 16. Qd2 Nf6 17. Qe3 Qc7 18. h3 Rad8 19. Rfd1 Bb7 20. g4 Nbxd5 21. exd5 Nxd5
22. Qg5 Nf4 23. Kf1 Nxh3 24. Qh4 Nf4 25. Qh2 e5 26. Bb2 Nxe2 27. Kxe2 Qc6 28.
Qh3 Qe4+ 29. Ne3 0-1

[Event "TCh-FRA Top 12 2011"]
[Site "Mulhouse FRA"]
[Date "2011.06.05"]
[Round "11"]
[White "Wilson, Alexandra"]
[Black "Nicoara, Malina"]
[Result "0-1"]
[WhiteTitle "WFM"]
[BlackTitle "WIM"]
[WhiteElo "2021"]
[BlackElo "2104"]
[WhiteTeam "C.E. de Rueil Malmaison"]
[BlackTeam "C.E. Strasbourg"]
[WhiteFideId "411000"]
[BlackFideId "604631"]
[EventDate "2011.05.26"]

1. e4 c5 2. Nc3 Nc6 3. f4 g6 4. Nf3 Bg7 5. Bb5 Nd4 6. O-O Nxb5 7. Nxb5 d6 8. d3
a6 9. Nc3 e6 10. Qe1 Ne7 11. Ng5 h6 12. Nf3 O-O 13. f5 exf5 14. Qh4 h5 15. Bf4
d5 16. e5 Be6 17. Bg5 Re8 18. Bf6 d4 19. Ne2 Bxf6 20. exf6 Nd5 21. Qg3 Qxf6 22.
Nf4 Nxf4 23. Qxf4 Bd5 24. Nh4 Kh7 25. Rf2 Re3 26. Raf1 Rae8 27. g3 Re2 28. Nf3
Bxf3 29. Qxf3 Rxf2 30. Rxf2 Re1+ 31. Rf1 Qe7 32. h3 Qe3+ 0-1